000 01390cam a22004334i 4500
003 PE-LiUPU
005 20250731173251.0
008 150625s r 000 0 d
035 _a(Sirsi) a35576
040 _aPE-LiUPU
_bspa
_cPE-LiUPU
_erda
082 0 4 _a236.1
_bV82
_221
100 1 _aJane Vogel, Linda,
_eautor.
245 1 0 _aAyudando al niño a comprender la muerte /
_cLinda Jane Vogel.
264 1 _aBuenos Aires :
_bLa Aurora,
_c1978.
300 _a97 páginas ;
_c18 centímetros.
336 _atext
_2rdacontent
337 _aunmediated
_2rdamedia
338 _avolume
_2rdacarrier
526 _aSEG42
526 _aSEG41
526 _aSEG40
526 _aSEG39
526 _aP94
526 _aP87
526 _aP86
526 _aP85
526 _aP77
526 _aP76
526 _aP35
650 1 4 _aMuerte
_xAspectos psicológicos.
650 2 4 _aNiños y muerte
_xCristianismo.
650 2 4 _aDuelo en niños
_xCristianismo.
910 _a
942 _2ddc
_cBOOK
949 _a236.1 V82
_wDEWEY
_c1
_i38655
_lCCODEBUL1
_mBUL
_p00.00
_r0
_sY
_tBOOK
_u2015-06-25
_xBIBLIOTECA
_zUNKNOWN
_0COMPRA
_o.STAFF. Colección General
596 _a1
999 _a236.1 V82
_wDEWEY
_c43555
_i38655
_f2021-11-10
_g5
_lCCODEBUL1
_mBUL
_r0
_sY
_tBOOK
_u2015-6-25
_xTEOLOGIA
_zUNKNOWN
_0COMPRA
_o.STAFF. Colección General
_d43555
980 _81
_gALBERTO SANCHEZ Responsable de Automatización